| Tag |
First Indicator |
Second Indicator |
Subfields |
| LEADER |
00000cam a2200000 4500 |
| 001 |
in00000082672 |
| 005 |
20151008053102.0 |
| 008 |
750627s1932 nyu b 00000 eng u |
| 010 |
|
|
|a 32008031
|
| 035 |
|
|
|a (OCoLC)01416065
|
| 035 |
|
|
|9 AAH6145AM
|
| 040 |
|
|
|c KSU
|d TXA
|d UtOrBLW
|
| 049 |
|
|
|a TXAM
|c [48796]
|
| 050 |
0 |
0 |
|a HD2766
|b .R255
|
| 082 |
0 |
|
|a 380.16
|
| 092 |
|
|
|a 380.16
|b R248po
|
| 100 |
1 |
|
|a Raushenbush, Stephen,
|d 1896-
|
| 245 |
1 |
4 |
|a The power fight /
|c by Stephen Raushenbush.
|
| 264 |
|
1 |
|a New York :
|b New republic, inc.,
|c 1932.
|
| 300 |
|
|
|a 308 pages ;
|c 19 cm.
|
| 336 |
|
|
|a text
|b txt
|2 rdacontent
|
| 337 |
|
|
|a unmediated
|b n
|2 rdamedia
|
| 338 |
|
|
|a volume
|b nc
|2 rdacarrier
|
| 500 |
|
|
|a "Notes" at end of each chapter except chapter IX.
|
| 650 |
|
0 |
|a Public utilities
|z United States.
|
| 650 |
|
0 |
|a Electric industries
|z United States.
|
| 650 |
|
0 |
|a Government ownership
|z United States.
|
| 650 |
|
0 |
|a Industrial policy
|z United States.
|
| 999 |
|
|
|a MARS
|
| 999 |
f |
f |
|s ab60f69b-4f75-3f96-802a-71cdd4a6fa0b
|i 909d0606-7f34-33d1-b977-78547823858b
|t 0
|
| 952 |
f |
f |
|p ric
|a Texas A&M University
|b Rellis Campus
|c Joint Library Facility
|d Remote Storage
|t 0
|e HD2766 .R255
|h Library of Congress classification
|i unmediated -- volume
|m A14800872810
|
| 998 |
f |
f |
|a HD2766 .R255
|t 0
|l Remote Storage
|